000 00873nam a22002657a 4500
001 BR7375570
003 BR-BrBNA
005 20230928084429.0
007 ta
008 230509b bl.||||| |||| 00| 0 por d
040 _aBR-BrBNA
_bpor
_cBiblioteca Nacional de Agricultura
041 _a(Por)
072 _aE50; E15
_b/G514
090 _ E50 BR7375570
100 1 _aArruda, A.P.R. de
110 1 _aUniversidade de Sao Paulo, Sao Paulo (Brasil). Faculdade de Filosofia, Letras e Ciencias Humanas
_910532
245 1 _aPolicultura e cooperativas agricolas no Estado de Sao Paulo [Brasil]
260 3 _aSao Paulo, SP (Brasil):
_c1972.
300 _a203 p.
500 _a(*) Documento disponível no(a) Instituto de Economia Agricola, Sao Paulo, SP (Brazil)
650 _aCOOPERATIVA
650 _aSAO PAULO
909 _a202309
_bLucia
_c55
_dLucia Elande
942 _cBK
999 _c18913
_d18913